| 000 | 03701ngm a2200637Ia 4500 | ||
|---|---|---|---|
| 001 | ocm57360210 | ||
| 003 | OCoLC | ||
| 005 | 20200320181338.0 | ||
| 007 | vd cvaizq | ||
| 008 | 050103s2005 cau104 e vleng d | ||
| 020 | _a1404970061 | ||
| 020 | _c17.95 | ||
| 024 | 1 | _a043396091740 | |
| 028 | 4 | 2 |
_a09174 _bSony Pictures Home Entertainment |
| 037 |
_bMidwest Tapes _nhttp://www.midwesttapes.com |
||
| 040 |
_aTEFMT _cTEFMT _dTEF _dOCLCQ _dVP@ _dOCLCQ _dWACOL |
||
| 043 | _ae-uk-en | ||
| 049 | _aWACL | ||
| 050 | 4 |
_aPN1995.9.A26 _bB45 2005 |
|
| 082 | 0 | 4 |
_a791.43/72 _222 |
| 092 |
_aDVD _bBei |
||
| 245 | 0 | 0 |
_aBeing Julia _h[videorecording] / _cSony Pictures Classics and Serendipity Point Films present in association with First Choice Films, Astral Media, Telefilm Canada, Corus Entertainment and Myriad Pictures, ISL Films, Hogarth Productions, a Robert Lantos production, an István Szabó film ; produced by Robert Lantos ; screenplay by Ronald Harwood ; directed by István Szabó. |
| 260 |
_aCulver City, Calif. : _bSony Pictures Home Entertainment : _bDistributed by Columbia TriStar Home Entertainment, _c[2005] |
||
| 300 |
_a1 videodisc (104 min.) : _bsd., col. ; _c4 3/4 in. |
||
| 538 | _aDVD, region 1, widescreen presentation; Dolby Digital 5.1 surround. | ||
| 546 | _aClosed-captioned. | ||
| 511 | 1 | _aAnnette Bening, Jeremy Irons, Bruce Greenwood, Miriam Margolyes, Juliet Stevenson, Shaun Evans, Lucy Punch, Tom Sturridge, Maury Chaykin, Sheila McCarthy, Michael Gambon. | |
| 508 | _aDirector of photography, Lajos Koltai ; editor, Susan Shipton ; music, Mychael Danna ; costume designer, John Bloomfield ; production designer, Luciana Arrighi. | ||
| 500 | _aOriginally released as a motion picture in 2004. | ||
| 500 | _aBased on the novella "Theatre" by W. Somerset Maugham. | ||
| 521 | 8 | _aMPAA rating: R; for some sexuality. | |
| 520 | _aJulia is a true diva: beautiful, talented, wealthy and famous. She has a devoted husband who has masterminded her brillant career - but after years of the spotlight she begins to suffer from a severe case of boredom and longs for something new and exciting to put the twinkle back in her eye. She finds what she is looking for in a handsome young American fan, who adds a few more sparks than Julia was hoping for. | ||
| 500 | _aSpecial features: Annette Bening, Jeremy Irons and director István Szabó commentary; deleted scenes; "Behind the scenes" featurette; previews. | ||
| 586 | _aGolden Globes, USA, 2005: Golden Globe - Best Performance by an Actress in a Motion Picture - Musical or Comedy (Annette Bening). | ||
| 650 | 0 |
_aActresses _zEngland _zLondon _vDrama. _95834543 |
|
| 650 | 0 |
_aTheaters _zEngland _zLondon _vDrama. _95834544 |
|
| 650 | 0 |
_aMan-woman relationships _zEngland _zLondon _vDrama. _95693242 |
|
| 655 | 0 |
_aFeature films. _9102699 |
|
| 655 | 7 |
_aMelodrama _vFeature. _2migfg _95675363 |
|
| 655 | 0 |
_aVideo recordings for the hearing impaired. _95834545 |
|
| 700 | 1 |
_aSzabó, István, _d1938- _95834546 |
|
| 700 | 1 |
_aBening, Annette. _937072 |
|
| 700 | 1 |
_aIrons, Jeremy, _d1948- _932146 |
|
| 700 | 1 |
_aGreenwood, Bruce, _d1956- _975325 |
|
| 700 | 1 |
_aMargolyes, Miriam. _961393 |
|
| 700 | 1 |
_aStevenson, Juliet. _961007 |
|
| 700 | 1 |
_aKoltai, Lajos. _95761922 |
|
| 700 | 1 |
_aDanna, Mychael. _916212 |
|
| 700 | 1 |
_aMaugham, W. Somerset _q(William Somerset), _d1874-1965. _tTheatre. _95834547 |
|
| 710 | 2 |
_aSony Pictures Home Entertainment (Firm) _971947 |
|
| 710 | 2 |
_aColumbia TriStar Home Video (Firm) _960971 |
|
| 942 |
_cDVD _075 |
||
| 948 |
_a08/30/2006 _zSirsi |
||
| 994 |
_a02 _bWACOL |
||
| 996 |
_a50337 _b34301000527327 _cDVD _dDVD _ewcl _fi _g75 _h17.95 _lGift _mBei _p08/30/2006 _q08/06/2019 _r07/30/2019 |
||
| 999 |
_c263473 _d263473 |
||